Normal view MARC view

Entry Topical Term

Number of records used in: 1

001 - CONTROL NUMBER

  • control field: 671109

003 - CONTROL NUMBER IDENTIFIER

  • control field: OSt

005 - DATE AND TIME OF LATEST TRANSACTION

  • control field: 20221006155935.0

008 - FIXED-LENGTH DATA ELEMENTS

  • fixed length control field: 221006|| aca||aabn | a|a d

040 ## - CATALOGING SOURCE

  • Original cataloging agency: OSt
  • Transcribing agency: OSt

150 ## - HEADING--TOPICAL TERM

  • Topical term or geographic name entry element: North Korean Nuclear crisis

670 ## - SOURCE DATA FOUND

  • Source citation: Work cat.: (OSt)1111988: Kim Hak-joon 110749, Whither path for the two Koreas in the 21st Century, 1998
Copyright @ Delhi University Library System